| 000 | 00987nas a2200313 4500 | ||
|---|---|---|---|
| 001 | BR2018002693 | ||
| 003 | BR-BrBNA | ||
| 005 | 20231205131519.0 | ||
| 007 | ta | ||
| 008 | 230509b bl.|||p| |||| 00| 00por d | ||
| 040 |
_aBR-BrBNA _bpor _cBiblioteca Nacional de Agricultura |
||
| 041 | _a(En) | ||
| 072 | _aF04 | ||
| 100 | 1 | _aSouza, F.M. de | |
| 100 | 1 | _aPereira, W.E. | |
| 100 | 1 | _aDantas, J.S. | |
| 100 | 1 | _aNóbrega, J.S. | |
| 100 | 1 | _aLima, E.C.S. | |
| 100 | 1 | _aSá, F.V. da S. | |
| 245 | 1 | _aInitial growth of Moringa oleifera Lam.as a function of poultry litter doses and granulometry | |
| 650 | _aADUBO ORGÂNICO | ||
| 650 | _aMUDA | ||
| 650 | _aPRODUÇÃO | ||
| 650 | _aMATÉRIA SECA | ||
| 773 | 0 |
_tPesquisa Agropecuária Tropical (Brazil) _xISSN 1983-4063 _g(Oct-Dec 2018), v. 48(4) p. 399-406 _wBR2018002693 |
|
| 856 | 4 | 0 | _uhttp://www.scielo.br/pdf/pat/v48n4/1983-4063-pat-48-04-0399.pdf |
| 909 |
_a202311 _bLúcia _c55 _dLúcia Elande |
||
| 942 |
_2AGRIS _n0 _cANA |
||
| 999 |
_c255215 _d255215 |
||